| 000 | 00867nam a22002417a 4500 | ||
|---|---|---|---|
| 005 | 20251106111831.0 | ||
| 008 | 251103b |||||||| |||| 00| 0 eng d | ||
| 020 | _a9786214184149 | ||
| 082 | _aDFil 364 C817 2025 | ||
| 100 |
_aCorpuz, Rhem Rick N. _969099 |
||
| 245 |
_aCompendium in criminology / _cRhem Rick N. Corpuz [and six others]. |
||
| 260 |
_aQuezon City : _bWiseman's Books Trading, Inc., _c©2025. |
||
| 300 |
_aviii, 295 pages : _billustrations ; _c22 cm. |
||
| 500 | _aIncludes references. | ||
| 650 | 0 |
_aCriminology. _969258 |
|
| 700 |
_aCorpuz, Remmark N. _969100 _eauthor. |
||
| 700 |
_aAbuan, Oscar G. _969101 _eauthor. |
||
| 700 |
_aCruz, Renel P. _969102 _eauthor. |
||
| 700 |
_aDeles, Edelito P. _969103 _eauthor. |
||
| 700 |
_aSalmorin, Valmechiele E. _969104 _eauthor. |
||
| 700 |
_aCablao, Eduardo A. _cJr. _969105 _eauthor. |
||
| 942 |
_2ddc _cDFIL |
||
| 999 |
_c24123 _d24123 |
||